000
00324nam a2200133Ia 4500
005
20251222141831.0
008
251222s9999||||xx |||||||||||||| ||spa||
020
_a
978-958-648-512-8
082
_a
657.45/B38
100
_a
Bell, Timothy
245
0
_a
AuditorÃa Basada en Riesgos:
264
_b
Ecoe Ediciones
942
_c
LIB
999
_c
7097
_d
7097